000 01016nam a2200289 i 4500
001 13010
003 ES-MaACL
005 20250815151521.0
007 t|
008 971027s1996 sp ||||1| spa d
020 _a84-370-2695-4
080 _a111.852
080 _a1 Hemsterhuis, Frans
100 1 _aHemsterhuis, Frans.
_962501
245 1 0 _aEscritos sobre estética
_b: Carta sobre la escultura ; Simón, o de las facultades del alma /
_cFrans Hemsterhuis ; traducción, introducción y notas: Manuel Pérez Cornejo.
260 _aValència :
_bUniversitat, Servei de Publicacions,
_c[1996]
300 _a169 p. ;
_c20 cm.
490 1 _aColleció estètica & crítica ;
_v6
650 4 _aEstética.
_9142387
700 1 _aPérez Cornejo, Manuel
_990742
740 0 _aCarta sobre la escultura.
740 0 _aSimón, o de las facultades del alma.
830 0 0 _aEstètica & crítica
_v6
_9225180
852 _aES-MaACL
_jL-20327
_bR.125902
942 _2udc
999 _c13010
_d13010